000 00920nam a22002057a 4500
001 EIF-VIII-2013-M9-002
003 OSt
005 20230103073254.0
008 221222b |||||||| |||| 00| 0 eng d
040 _aFundación Jesús Pereda
_cFundación Jesús Pereda
041 _aCastellano
100 _uEscuela Superior de Arte Dramático de Sevilla
_aCovelo López, Juan Manuel
_9789
111 _aEncuentro de Investigadores del Franquismo
_c(Barcelona.
_d2013.
_n8º)
_9100
245 _aLa interpretación de las disposiciones legales por parte del Consejo Supremo de Justicia Militar
_f1940-1945
_c/Juan Manuel Covelo López
610 0 _9790
_aConsejo Supremo de Justicia Militar
650 0 _9536
_aLegislación
773 _tActas del VIII Encuentro de Investigadores del Franquismo
856 _uhttps://bibliotecaccoocyl.fundacionjesuspereda.es/cgi-bin/koha/opac-retrieve-file.pl?id=c11ee1ae60f3c00218e43861d0d19a55
942 _2ddc
_cCF
_n0
999 _c476
_d476